000 00666cab a2200217 4500
001 WB3228-15
008 090401t1996 xxu||||| |||| 00| 0 eng d
035 _a(Sirsi) u56389
041 _aeng
245 _aRethink on SPAs
260 _c1996
350 _a0
490 _aPlanning Week
_v4(29) 18 July 1996, 8(1)
520 _aThe government is reconsidering its position on Special Protection Areas after a European Court decision stating that economic considerations should not come first.
650 _aHABITAT DIRECTIVE
650 _aLAPPEL BANK
650 _aSPECIAL PROTECTION AREAS
690 _aCONSERVATION
942 _n0
948 _c04/03/1997
999 _c34387
_d34387